Name the Musical from the Song Title - Statistics

General Stats
  • This quiz has been taken 9 times
  • The average score is 7 of 18
Answer Stats
Song title Musical % Correct
Memory Cats
100%
I'd Do Anything Oliver
86%
Mr. Cellophane Chicago
71%
A Bushel and a Peck Guys and Dolls
57%
For Forever Dear Evan Hansen
43%
Always True to You Kiss me Kate
43%
The Negative Waitress
43%
I Can Do That A Chorus Line
29%
A Guy That I'd Kinda be into Be more Chill
29%
Come Home with me Hadestown
29%
Freeze Your Brain Heathers
29%
Blood in the Water Legally Blonde
29%
Not While I'm Around Sweeny Todd
29%
Without Love Hairspray
14%
Moving Too Fast The Last 5 years
14%
How the Other Half Lives Thoroughly Modern Millie
14%
Shall We Dance? Crazy For You
0%
I love Betsy Honeymoon in Vegas
0%
No matching quizzes found
Score Distribution
Percent of People with Each Score
Percentile by Number Answered
Your Score History
You have not taken this quiz